Statystyki dla Członkowie Team X2 (Xd)

Kliknij tutaj aby rozwiązać quiz!

Ogólne statystyki

  • Ten quiz został rozwiązany 115 razy
  • Średni wynik to 7 z 8

Statystyki odpowiedzi

SubskrybcjeOdpowiedz% Poprawnych
1,22 mlnNatsu
97%
268 tyśJulia Żugaj
92%
218 tyśMonika Kociołek
91%
1,08 mlnSheo
90%
119 tyśCzaro
89%
90,3 tysLeksiu
87%
161 tyśKarol Pieszko
84%
263 tyś.Patrycja Mołczanow
81%

Rozkład punktacji

Percentyl według liczby udzielonych odpowiedzi

Procent ludzi z każdym wynikiem

Twoja historia wyników

Nie rozwiązałeś tego quizu